COMMUNICATIONS UNIT 4 BASIC ELECTRONICS SYSTEMS TECHNOLOGY (Record no. 580978)

000 -LEADER
fixed length control field 00295nam a22001097a 4500
082 ## - DEWEY DECIMAL CLASSIFICATION NUMBER
Classification number 621.381 DUG'B
100 ## - MAIN ENTRY--PERSONAL NAME
Personal name DUGGER, W,PATRICK, D,SUESS, A
9 (RLIN) 75583
245 ## - TITLE STATEMENT
Title COMMUNICATIONS UNIT 4 BASIC ELECTRONICS SYSTEMS TECHNOLOGY
260 ## - PUBLICATION, DISTRIBUTION, ETC.
Place of publication, distribution, etc. CALIFORNIA
Name of publisher, distributor, etc. BRUCE
Date of publication, distribution, etc. 1973
300 ## - PHYSICAL DESCRIPTION
Extent 181P
942 ## - ADDED ENTRY ELEMENTS (KOHA)
Koha item type Book
Holdings
Withdrawn status Lost status Damaged status Not for loan Permanent Location Current Location Shelving location Date acquired Total Checkouts Full call number Barcode Date last seen Price effective from Koha item type
        College of Electrical & Mechanical Engineering (CEME) College of Electrical & Mechanical Engineering (CEME) General Stacks 05/18/2017   621.381 DUG'B CEME-14227 06/28/2021 06/28/2021 Book
© 2023 Central Library, National University of Sciences and Technology. All Rights Reserved.